00928nam a2200181 a 4500008004100000020001800041050001600059110005700075245016800132260001800300300002000318650005600338650005000394650007500444995008000519999001700599952013000616130924s2005 ||||||||||||||||| || u a9780751719765 aHF 5661 Cha aChartered Institute of Management Accountants (CIMA)10aCIMA practice & revision kit: managerial paper P2: management accounting - decission management for exams in 2005cby Chartered Institute of Management Accountants aLondon:c2005 axi, 382p.: ill. aMANAGERIAL ACCOUNTING--EXAMINATIONS, QUESTIONS, ETC aDECISION MAKING--EXAMINATIONS, QUESTIONS, ETC aCHARTERED INSTITUTE MANAGEMENT ACCOUNTANTS--EXAMINATIONS--STUDY GUIDES FCBU-MAIN LIBRARY (Kitwe)M1UAVAILABLEWSep 26, 2013ZShort Loan Collection c37396d37396 00102lcc4070a001b001cShort Loan Collectiond2022-11-30l1oHF 5661 Chap744568r2022-12-14s2022-12-14w2022-11-30y002